| 000 | 00731nam a22002177a 4500 | ||
|---|---|---|---|
| 001 | 001 000000002 | ||
| 003 | OSt | ||
| 005 | 20260530115318.0 | ||
| 008 | 260508b2021 |||||||| |||| 00| 0 eng d | ||
| 020 | _a9780137897421 | ||
| 040 |
_aICI _beng _cICI |
||
| 041 | _aeng | ||
| 100 |
_aRobbins, Jennifer Niederst. _933970 |
||
| 245 |
_aLearning Web Design : _bbeginner's guide to HTML, CSS, JavaScript, and web graphics / _cJennifer Niederst Robbins. |
||
| 250 | _aFifth edition. | ||
| 260 | 6 | 4 |
_aSebastopol, California : _bO'Reilly Media, _c2018. |
| 300 |
_axxvii, 808 pages : _b illustrations ; _c30 cm |
||
| 504 | _aIncludes bibliographical references and index. | ||
| 650 |
_aWeb site development. _933971 |
||
| 942 |
_2lcc _cBK _n1 |
||
| 999 |
_c13655 _d13655 |
||